000 00917nam2a22002531 4500
001 v19\rc\2093158
005 20250620040353.0
035 _a(NLR Aleph) 005163298
090 _a5005403
_c5005403
100 _a20081218d1914 |||y0rusy50 ca
101 0 _arus
102 _aRU
105 _ay z |||||
200 1 _aЗаписки С.Г. Винского
_eМое время
210 _d[1914]
_aБ. м.
461 0 _1001v19\rc\2093157
_12001#$aБиблиотека мемуаров$fРед. П.Е. Щеголева. Сер. 1. № 1$v№ 1
_95005400
_cПетроград
_d1914-1917
_fРед. П.Е. Щеголева. Сер. 1. № 1
_nОгни
_tБиблиотека мемуаров
_v№ 1
517 0 _aМое время
701 1 _aВинский
_bС.Г.
801 0 _aRU
_bNLR
_gpsbo
801 1 _aRU
_bProSoft-M
_2rusmarc
852 _aNLR
_j37.22.8.6(1)
852 _aNLR
_j37.46.5.62
942 _cBOOK
980 _aNB